Sosyalizmin geleceği (Record no. 1530)

MARC details
000 -BAŞLIK
Sabit Uzunlukta Kontrol Alanı 00883na a2200325 4500
001 - KONTROL NUMARASI
Denetim Alanı 13062
003 - KONTROL NUMARASI IDENTIFIER
Denetim Alanı MIRAKIL
005 - SON İŞLEM TARİHİ VE ZAMANI
Denetim Alanı 20181213154825.0
008 - SABİT-BOY VERİ ELEMANLARI - GENEL BİLGİLER
Sabit Uzunlukta Kontrol Alanı 160930b tu 000 0
020 ## - ULUSLARARASI STANDART KİTAP NUMARASI
Uluslararası Standart Kitap Numarası 9755330097
035 ## - SİSTEM KONTROL NUMARASI
Sistem Kontrol Numarası 13062
040 ## - KATALOGLAMA KAYNAK
Orijinal Kataloglama Ajansı Milas
Kataloglama Dili tur
Metne Dönüştürmek Ajansı TR-AnCHP
041 ## - DİL KODU
Metin / Ses Parça Veya Ayrı Başlığın Dil Kodu tur
082 ## - DEWEY ONLU SINIFLANDIRMA NUMARASI
Sınıflandırma Numarası 320.5323
Ürün Numarası S67 1991
090 ## - SINIFLAMA NUMARASI
Sınıflama Numarası 320.5323 S67 1991
245 ## - BAŞLIK TABLOSU
Başlık Sosyalizmin geleceği
Sorumluluk Tablosu, Vb Ernest Mandel ...[ve öte.]; derleyen Fikret Başkaya
260 ## - YAYIN, DAĞITIM, VB
Yayın, Dağıtım, Vb Yeri Ankara
Yayıncı, Dağıtıcı, Vs Adı İmge Kitabevi
Yayın, Dağıtım, Vb Tarihi 1991
300 ## - FİZİKSEL TANIM
Kapsam 189 s.
Boyutlar 20 sm.
490 ## - SERİSİ TABLOSU
Seri Beyanı İmge Kitabevi Yayınları
Hacim / Ardışık Tanımı 30
650 ## - KONU KATMA GİRİŞ - TOPİKAL DÖNEM
Topikal Süreli Veya Coğrafi Ad Giriş Elemanı Sosyalizm
650 ## - KONU KATMA GİRİŞ - TOPİKAL DÖNEM
Topikal Süreli Veya Coğrafi Ad Giriş Elemanı Marksizm
650 ## - KONU KATMA GİRİŞ - TOPİKAL DÖNEM
Topikal Süreli Veya Coğrafi Ad Giriş Elemanı Komünizm
650 ## - KONU KATMA GİRİŞ - TOPİKAL DÖNEM
Topikal Süreli Veya Coğrafi Ad Giriş Elemanı Siyasal ideolojiler
Genel Alt Bölümü Marksizm Leninizm
700 ## - KATMA GİRİŞ - KİŞİSEL İSİM
Kişisel Ad Mandel, Ernest
700 ## - KATMA GİRİŞ - KİŞİSEL İSİM
Kişisel Ad Başkaya, Fikret
942 ## - EKLENDİ GİRİŞ ELEMANLARI (KOHA)
Sınıflandırma Veya Raf Düzeni Kaynak Dewey Decimal Classification
Koha Öğesi Türü Books
999 ## - SİSTEM KONTROL NUMARALARI (KOHA)
Koha Biblionumber 1530
Koha Biblioitemnumber 1530
657 ## - INDEX SÜRE - İŞLEVİ
-- Marksizm
657 ## - INDEX SÜRE - İŞLEVİ
-- Siyasal ideolojiler
657 ## - INDEX SÜRE - İŞLEVİ
-- Sosyalist sistemler
Holdings
Kalıcı Konum Mevcut Konum Edinme Tarihi Edinim Kaynak Toplam Check-Out'Lar Tam Çağrı Numarası Barkod Tarih Son Görülme İtibaren Geçerli Fiyatlar Koha Öğesi Türü
CHP Kütüphanesi CHP Kütüphanesi 08/05/2016 Bağış   320.5323 S67 1991 000628 08/05/2016 08/05/2016 Books